Delitos económicos. En la teoría y la práctica.

Kaydedildi:
Detaylı Bibliyografya
Yazar: Aste Mejias, Christian (autor)
Diğer Yazarlar: Freire Scheel, Ricardo Eugenio (autor), Moya Ortiz, Francisca (autor), Zurita Torres, Luis (autor)
Materyal Türü: Bilinmiyor
Baskı/Yayın Bilgisi: Santiago, Chile: Thomson Reuters, 2024.
Edisyon:1ª edición
Seri Bilgileri:Monografías
Konular:
Etiketler: Etiketle
Etiket eklenmemiş, İlk siz ekleyin!

MARC

LEADER 00000 a2200000 4500
003 CL-VaPUC
005 20240411114329.0
008 240405t2024 ||||| |||| 00| 0 eng d
999 |c 443247  |d 443245 
020 |a 978-956-400-458-7 
040 |c Pontificia Universidad Católica de Valparaíso 
082 7 |2 22  |a 364.168 AST 2024 
100 |a Aste Mejias, Christian   |9 861330  |e autor 
245 |a Delitos económicos.  |b En la teoría y la práctica. 
250 |a 1ª edición  
260 |b Thomson Reuters,  |c 2024.  |a Santiago, Chile: 
300 |a 352 páginas. 
490 |a Monografías 
583 |k GC  |c 20240405 
650 0 |9 255899  |a Delitos económicos  
650 0 |9 888215  |a Delitos fiscales 
700 |9 781975  |a Freire Scheel, Ricardo Eugenio  |e autor 
700 |9 888213  |a Moya Ortiz, Francisca  |e autor 
700 |9 888214  |a Zurita Torres, Luis  |e autor 
942 |2 ddc  |c BK 
952 |0 0  |1 0  |2 ddc  |4 0  |6 364_168000000000000_AST_2024  |7 0  |8 A  |9 593740  |a BIBDER  |b BIBDER  |d 2024-03-19  |e 31  |g 0.00  |i 5660440  |l 8  |m 7  |o 364.168 AST 2024  |p 5660440  |r 2025-03-21  |s 2025-03-21  |t 1  |v 0.00  |w 2024-03-19  |y BK  |k DER